Agua, trasvases y medio ambiente. Las Cuencas Fluviales y el Nuevo Plan Hidrolg̤ico Nacional /

Detalles Bibliográficos
Autor principal: Utrera Caro, Sebastiǹ Fľix
Formato: eBook
Lenguaje:español
Publicado: Madrid: Dykinson, 2013
Materias:
Acceso en línea:Acceso restringido

MARC

LEADER 00000nam a22000007a 4500
005 20140523010748.0
007 cr|||| ||||
008 140523s2013 es |||||s|||| 00||0 spa d
020 |a 978-84-9031-858-4 
035 |a 12162 
040 |a vLex 
090 |c 4946  |d 4946 
100 1 |a Utrera Caro, Sebastiǹ Fľix 
245 1 0 |a Agua, trasvases y medio ambiente.  |h [Recurso electrn̤ico] :  |b Las Cuencas Fluviales y el Nuevo Plan Hidrolg̤ico Nacional /  |c Sebastiǹ Fľix Utrera Caro 
256 |a Servicio en ln̕ea 
260 |a Madrid:  |b Dykinson,  |c 2013 
300 |a 1 recurso electrn̤ico 
500 |a Este libro recoge algunos de los resultados de un proyecto de investigacin̤ sobre la gestin̤ del agua por cuencas fluviales en Espaą. Esta creacin̤ espaǫla es una aportacin̤ mundial de enorme alcance. En primer lugar se analiza el concepto de cuenca fluvial en el Derecho Internacional. Los temas del agua para el consumo humano se mueven de manera habitual entre las tendencias hacia el conflicto y las tendencias hacia la cooperacin̤. La evolucin̤ en las l︢timas dčadas indica que las respuestas conflictivas dan paso, de manera creciente, a soluciones cooperativas basadas en elementos jurd̕icos. Entre estos, el concepto de cuenca fluvial desempeą un papel bs̀ico, para las ms̀ de 250 cuencas fluviales internacionales que hay en el planeta. En segundo lugar se aborda un estudio minucioso de los aspectos ambientales de los trasvases entre las cuencas fluviales en el que destaca si la Ley del Plan Hidrolg̤ico Nacional y la normativa de evaluacin̤ ambiental estratǧica y la de evaluacin̤ de impacto ambiental exigen realizar una previsin̤ de los efectos en el entorno de los trasvases en todas sus fases de planificacin̤, programacin̤ y proyectos. Posteriormente se explican los fallos de mercado y los instrumentos de intervencin̤ pb︢lica para la proteccin̤ de las aguas (los tributos ambientales). Se analizan las competencias estatales, autonm̤icas y locales, la clasificacin̤ de los tributos que gravan las aguas, entre ellos los diversos impuestos, tasas, contribuciones especiales y cǹones. A continuacin̤ se estudia la necesidad de un renovado proyecto AGUA como estm̕ulo para el crecimiento de la economa̕ espaǫla. Se parte de la adversa base natural de la economa̕ espaǫla y el continuo esfuerzo intergeneracional para doblegarla, se aborda la relacin̤ de las cuencas fluviales excedentarias con las deficitarias y el reparto de los beneficios y por l︢timo se propone un nuevo proyecto estratǧico: r̀boles y agua. Por l︢timo, se estudia cm̤o la adhesin̤ de Espaą a la Convencin̤ de Nueva York podra̕ influir en el rǧimen de caudales que recoge el vigente Convenio de Albufeira, que regula las cuencas hidrogrf̀icas hispano-portuguesas. 
506 1 |a Disponible solo en los productos indicados  |d vLex Global  |d vLex Global (Academic Edition, excluding Law Schools)  |d vLex Global (U.S. Academic Edition, Law Schools)  |d vLex Global (U.S. Academic Edition, excluding Law Schools)  |d vLex Global (Academic Edition, Law Schools) 
650 0 4 |a Derecho del Medio Ambiente  |z Espaą 
650 0 4 |a Aguas  |z Espaą 
650 0 4 |a Planes hidrolg̤icos  |z Espaą 
740 0 |a vLex Libros (Servicio en ln̕ea) 
856 4 0 |u http://vlex.com/source/agua-trasvases-y-medio-ambiente-las-cuencas-fluviales-y-el-nuevo-plan-hidrologico-nacional-12162  |z Acceso restringido 
942 |c BOOK 
999 0 |a Environmental Law  
999 0 |a Water  
999 0 |a Hydrological Plans